Sports Quiz

Random Sports or Baseball Quiz

MLB Stadium Construction $ - Inflation Adjusted (2012) Quiz Stats

 Plays Quiz not verified by Sporcle

Challenge
Share
Tweet
Embed
Score 0/30 Timer 08:00
0 Plays Today
2012 Construction Price ($) Stadium/Team % Correct
$1,620,000,000Yankee Stadium
98.2%
$975,000,000Citi Field
79.6%
$15,700,000Fenway Park
71.7%
$5,800,000Wrigley Field
70.8%
$515,000,000Marlins Park
59.3%
$581,000,000Target Field
54%
$913,000,000Rogers Centre
51.3%
$660,000,000Nationals Park
49.6%
$177,000,000Dodger Stadium
48.7%
$564,000,000Citizens Bank Park
45.1%
$554,000,000Petco Park
42.5%
$421,000,000Busch Stadium
41.6%
$722,000,000Safeco Field
40.7%
$458,000,000Coors Field
40.7%
$525,000,000Miller Park
39.8%
2012 Construction Price ($) Stadium/Team % Correct
$505,000,000Chase Field
39.8%
$172,000,000Angel Stadium of Anaheim
39.8%
$405,000,000Comerica Park
38.9%
$366,000,000Kauffman Stadium
38.9%
$274,000,000Progressive Field
38.1%
$231,000,000Tropicana Field
38.1%
$284,000,000PNC Park
37.2%
$176,000,000O.co Coliseum
37.2%
$482,000,000AT&T Park
36.3%
$310,000,000Turner Field
36.3%
$366,000,000Great American Ball Park
35.4%
$337,000,000Minute Maid Park
35.4%
$182,000,000Oriole Park at Camden Yards
35.4%
$299,000,000Rangers Ballpark in Arlington
32.7%
$285,000,000US Cellular Field
32.7%

You're not logged in!

Compare scores with friends on all Sporcle quizzes.
Join for Free
OR
Log In

You Might Also Like...

Show Comments

Extras

Top Quizzes Today


Score Distribution

Your Account Isn't Verified!

In order to create a playlist on Sporcle, you need to verify the email address you used during registration. Go to your Sporcle Settings to finish the process.

Report this User

Report this user for behavior that violates our Community Guidelines.

Details: